000 01434aam a2200289 4500
001 19383
003 CO-MdFUSB
005 20180622072739.0
008 170303t1912 enk||||f |||| 00| 0 eng d
040 _aCO-MdFUSB
_bspa
_cCO-MdFUSB
_dCO-MdFUSB
_erda
041 _aeng
082 _224
_aG 220.601
_bH217p
100 1 _aHamilton, H. F.
_eautor
245 1 4 _aThe people of God
_b: An inquiry into Christian origins
_c/ H. F. Hamilton
264 1 _aOxford, England :
_bOxford University Press,
_c℗[1912]
300 _a2 volúmenes (xxxix, 261 ; xvi, 252 páginas)
336 _2rdacontent
_a1
_ba1
337 _2rdamedia
_a2
_b5
338 _2rdacarrier
_a2
_b5
501 _aIncluye índices (Vol. 2, p. 237-252)
505 0 0 _aVolumen 1: Israel - Jehová, la deidad semítica característica- Jehová, el único Dios - Jehová, el Dios justo - La fuente de mono-yahvismo - El valor de la religión judía - La esperanza mesiánica - Jesús y la relilgión de los judíos
505 0 0 _aVolumen 2: The church - Los apóstolos y la religión de los judíos - El nuevo Israel - Los creyentes gentiles y la ley - El puesto de los apóstoles - La iglesia primitiva en Jerusalén - Las iglesias paulinas - Presbíteros y apóstoles - El episcopado - Los prolegómenos - Unidad - Organización - Las funciones orgánicas de la iglesia
540 _aPasta dura
650 7 _9655
_aIglesia
942 _cBK
999 _c45748
_d45748